| 000 | 00932cam a22002891a 4500 | ||
|---|---|---|---|
| 999 |
_c6141 _d6141 |
||
| 001 | 7992626 | ||
| 003 | GBCCL | ||
| 005 | 20241126110557.0 | ||
| 008 | 900316s1965 tnuabf 000 0 eng | ||
| 010 | _a 65013181 | ||
| 035 | _a(OCoLC)21224998 | ||
| 040 |
_aDLC _cViRSBF _dDLC |
||
| 042 | _apremarc | ||
| 043 | _as-bl--- | ||
| 050 | 0 | 0 |
_aBV2853.B6 _bW5 |
| 082 |
_a266 _bWIS |
||
| 100 | 1 |
_aWise, Gene H. _911043 |
|
| 245 | 1 | 0 |
_aSao Paulo hears the gospel / _cGene H. Wise |
| 260 |
_aNashville, Tenn. : _bConvention Press, _cc1965. |
||
| 300 |
_a99 p.; _bill., map ; _c18 cm. |
||
| 440 | 0 |
_aForeign mission graded series. _pYoung people ; _v1965 _911044 |
|
| 500 | _a"A publication of the Foreign Mission Board, Richmond, Virginia." | ||
| 650 |
_aSouthern Baptist Convention _vMissions _zBrazil _zSao Paulo _911045 |
||
| 650 |
_aMissions _xBaptist _911046 |
||
| 906 |
_a7 _bcbc _coclcrpl _du _encip _f19 _gy-gencatlg |
||
| 942 |
_2ddc _cBK |
||